Hybrid deep learning model for brain tumor classification using magnetic resonance imaging (Record no. 45666)

000 -LEADER
fixed length control field 00512nam a22001697a 4500
001 - CONTROL NUMBER
control field 45666
003 - CONTROL NUMBER IDENTIFIER
control field BD-DhUET
008 - FIXED-LENGTH DATA ELEMENTS--GENERAL INFORMATION
fixed length control field 250802b xxu||||| |||| 00| 0 eng d
040 ## - CATALOGING SOURCE
Transcribing agency 0
Modifying agency BD-DhUET
100 ## - MAIN ENTRY--PERSONAL NAME
Personal name Meher Afroj
245 ## - TITLE STATEMENT
Title Hybrid deep learning model for brain tumor classification using magnetic resonance imaging
260 ## - PUBLICATION, DISTRIBUTION, ETC. (IMPRINT)
Place of publication, distribution, etc. Dhaka
Name of publisher, distributor, etc. Institute of Information and Communication Technology, BUET
Date of publication, distribution, etc. 2025
300 ## - PHYSICAL DESCRIPTION
Extent xiv, 73 p.
501 ## - WITH NOTE
With note One CD-ROM
504 ## - BIBLIOGRAPHY, ETC. NOTE
Bibliography, etc Includes bibliographies
942 ## - ADDED ENTRY ELEMENTS (KOHA)
Koha item type Thesis
Holdings
Koha item type Shelving location Price effective from Sublocation or collection (holding branch) Location (home branch) Lost status Piece designation (barcode) Source of classification or shelving scheme Not for loan Withdrawn status Damaged status Koha date last seen Date acquired
ThesisAcquisition section2026-04-26Central Library, BUETCentral Library, BUET 121028    2026-04-262026-04-21